000 00214 a2200097 4500
001 36532
100 _aIshfaq Ahmad
245 _aAjlay Pool
260 _aLahore
_bSang-e-Meel Publication
_c
090 _c23613
_d23613
942 _aNUST-CAE
_cM
_c15129
999 _c271605
_d271605